World Protests - Statistics

General Stats
  • This quiz has been taken 5 times
    4 since last reset
  • The average score is 2 of 14
Answer Stats
Hint Answer % Correct
George Floyd’s death in 2020 Minneapolis
50%
Srilankan Protests in 2022 against president Rajapaksa Colombo
25%
1990 student "Revolution on Granite", the 2001 "------- without Kuchma", the 2004 Orange Revolution, and the 2013–14 Euromaidan were held in "Maidan Nezalezhnosti" square of this capital city Kiev
25%
People Power Revolution / Feb Revolution of 1986 / Yellow Revolution /ESDA Revolution help in Metro of the capital city in 1986(led to Departure of president Marcosin Metro of the capital Manila
25%
The human chain connecting the three Baltic capitals in 1989 "The Baltic Way" Tallinn/Riga/Vilnius.
25%
Incident led by Students in Beijing,June 4th 1989 Tiananmen Square
25%
Women's March in 2017 against Trump ; Million Man March in1995 Washington D.C
25%
Anti-Nuclear March in Newyork 1982(venue) Central Park
0%
"May 68 "- The Protests of 1968 France
0%
Farmer Protest 2021 in India Punjab
0%
Anti-war protests against Iraq(60 Countries,600 cities including NYC) -Biggest in history, 2003 Rome/Madrid
0%
Salt March / Dandi March led against British rule in Gujarat Sabarmathi
0%
Announcement of Earth Day in 1969 San Francisco
0%
Earth Day 1970 (Country) USA
0%
No matching quizzes found
Score Distribution
Percent of People with Each Score
Percentile by Number Answered
Your Score History
You have not taken this quiz since the last reset